Social contexts of method (Record no. 29201)

MARC details
000 -LEADER
fixed length control field 00266nam a2200109Ia 4500
082 ## - DEWEY DECIMAL CLASSIFICATION NUMBER
Classification number 301.151
Item number BRE
245 #0 - TITLE STATEMENT
Title Social contexts of method
260 ## - PUBLICATION, DISTRIBUTION, ETC. (IMPRINT)
Place of publication London
Name of publisher Croom Helm
Year of publication 1978
700 ## - ADDED ENTRY--PERSONAL NAME
Personal name Brenner, M
942 ## - ADDED ENTRY ELEMENTS (KOHA)
Koha item type Books
Holdings
Withdrawn status Lost status Damaged status Not for loan Home library Current library Date acquired Cost, normal purchase price Full call number Accession Number Koha item type
        RRII Library RRII Library 16/12/2021 8.95 301.151 BRE 09791 Books